| Tag |
First Indicator |
Second Indicator |
Subfields |
| LEADER |
00000cam a2200000 a 4500 |
| 001 |
in00000028165 |
| 005 |
20151007060014.0 |
| 008 |
870320s1987 enk b 00110 eng |
| 010 |
|
|
|a 87006538
|
| 020 |
|
|
|a 0422610402
|
| 020 |
|
|
|a 0422618306 (pbk.)
|
| 035 |
|
|
|a (OCoLC)15489124
|
| 035 |
|
|
|9 AAB9858AM
|
| 040 |
|
|
|a DLC
|c DLC
|d TXA
|d UtOrBLW
|
| 041 |
1 |
|
|a eng
|h fre
|h ita
|
| 049 |
|
|
|a TXAM
|c [A11090772]
|
| 050 |
0 |
0 |
|a BF1078
|b .R4613 1987
|
| 082 |
0 |
|
|a 154.6/3
|2 19
|
| 100 |
1 |
|
|a Resnik, Salomon.
|
| 240 |
1 |
0 |
|a Teatro del sogno.
|l English
|
| 245 |
1 |
4 |
|a The theatre of the dream /
|c Salomon Resnik ; translated by Alan Sheridan.
|
| 264 |
|
1 |
|a London ;
|a New York :
|b Tavistock Publications,
|c 1987.
|
| 300 |
|
|
|a 218 pages ;
|c 24 cm.
|
| 336 |
|
|
|a text
|b txt
|2 rdacontent
|
| 337 |
|
|
|a unmediated
|b n
|2 rdamedia
|
| 338 |
|
|
|a volume
|b nc
|2 rdacarrier
|
| 490 |
1 |
|
|a New library of psychoanalysis ;
|v 6
|
| 500 |
|
|
|a Translation of: La mise en scène du rêve, which is a revised translation of: Il teatro del sogno.
|
| 504 |
|
|
|a Includes bibliographies and indexes.
|
| 650 |
|
0 |
|a Dreams.
|
| 830 |
|
0 |
|a New library of psychoanalysis ;
|v 6.
|
| 999 |
|
|
|a MARS
|
| 999 |
f |
f |
|s ba6f72aa-9d83-37e6-ad03-a41b34c15a7f
|i 0e7c94a7-c244-3528-9572-7c0173227fe3
|t 0
|
| 952 |
f |
f |
|p ric
|a Texas A&M University
|b Rellis Campus
|c Joint Library Facility
|d Remote Storage
|t 0
|e BF1078 .R4613 1987
|h Library of Congress classification
|i unmediated -- volume
|m A14811090772
|
| 998 |
f |
f |
|a BF1078 .R4613 1987
|t 0
|l Remote Storage
|